[Event "SR 3. liga A2 2018/2019"]
[Site "?"]
[Date "2019.03.24"]
[Round "11.5"]
[White "Lukac, Roman"]
[Black "Lopatievov, Alexander"]
[Result "1-0"]
[WhiteElo "2085"]
[BlackElo "1867"]
[PlyCount "70"]
[EventDate "2018.??.??"]

1. e4 d5 2. exd5 Qxd5 3. Nc3 Qa5 4. d4 c6 5. Bc4 Nf6 6. Qe2 Bf5 7. Bb3 Ne4 8.
Qe3 Nd7 9. Nf3 h6 10. O-O Nxc3 11. bxc3 e6 12. Bd2 Qc7 13. Nh4 Bh7 14. f4 O-O-O
15. c4 Nf6 16. c3 Be7 17. Nf3 Ng4 18. Qe2 h5 19. c5 Bf5 20. a4 h4 21. a5 a6 22.
h3 Nf6 23. Ne5 Bf8 24. Ra2 Ne4 25. Be1 Rh6 26. Rb2 f6 27. Nc4 Kb8 28. Ne3 Re8
29. Bc4 Ka7 30. Rb6 Nxc5 31. Nxf5 Rg6 32. dxc5 Bxc5+ 33. Bf2 Bxf2+ 34. Qxf2 Ka8
35. Nxh4 Rh6 1-0

[Event "SR 3. liga A2 2018/2019"]
[Site "?"]
[Date "2019.03.24"]
[Round "11.5"]
[White "Kramar, Matus"]
[Black "Kolenak, Matus"]
[Result "0-1"]
[WhiteElo "1680"]
[BlackElo "1983"]
[PlyCount "84"]
[EventDate "2018.??.??"]

1. e4 c5 2. Nf3 Nc6 3. c3 d5 4. exd5 Qxd5 5. d4 Nf6 6. Be2 e6 7. Bf4 Be7 8. O-O
O-O 9. Na3 cxd4 10. cxd4 Bxa3 11. bxa3 Rd8 12. Qc2 Bd7 13. Rfd1 Rac8 14. Qb2
Be8 15. Rac1 Qe4 16. Be3 Na5 17. Ne5 Nd5 18. Qd2 Nxe3 19. fxe3 Rxc1 20. Qxc1
Nc6 21. Bf3 Qf5 22. Nxc6 bxc6 23. Rf1 Qd3 24. Rd1 Qb5 25. Qc5 Qxc5 26. dxc5
Rxd1+ 27. Bxd1 Kf8 28. Kf2 e5 29. e4 g6 30. Ke3 f5 31. g3 Ke7 32. a4 a5 33. Bb3
Bf7 34. Kf3 Bxb3 35. axb3 fxe4+ 36. Kxe4 Ke6 37. Ke3 Kd5 38. b4 axb4 39. a5
Kxc5 40. a6 Kb6 41. a7 Kxa7 42. Kd3 c5 0-1

[Event "SR 3. liga A2 2018/2019"]
[Site "?"]
[Date "2019.03.24"]
[Round "11.5"]
[White "Sturdik, Igor"]
[Black "Rau, Vladimir"]
[Result "0-1"]
[WhiteElo "1965"]
[BlackElo "1683"]
[PlyCount "88"]
[EventDate "2018.??.??"]

1. e4 c6 2. d4 d5 3. Nc3 dxe4 4. Nxe4 Bf5 5. Ng3 Bg6 6. Nf3 e6 7. h4 h6 8. h5
Bh7 9. Bd3 Bxd3 10. Qxd3 Bd6 11. Ne4 Bc7 12. Bd2 Nf6 13. c4 Nbd7 14. O-O-O Nxe4
15. Qxe4 Nf6 16. Qe2 Qe7 17. Kb1 O-O-O 18. Bc3 Rhe8 19. Ne5 Nd7 20. f4 Nxe5 21.
dxe5 Rxd1+ 22. Rxd1 Qh4 23. g4 Rd8 24. Rxd8+ Bxd8 25. Kc2 Qg3 26. Bd2 Bb6 27.
a4 a6 28. b3 Qg1 29. Bc1 Ba5 30. f5 Qd4 31. Bb2 Qf4 32. f6 gxf6 33. exf6 Bd8
34. Qd2 Qe4+ 35. Kc1 Bc7 36. Qd4 Bf4+ 37. Kd1 Qf3+ 38. Kc2 Qe2+ 39. Kb1 Qxg4
40. Ka2 Qf5 41. Qd1 Be5 42. Qg1 Qc2 43. Qg8+ Kc7 44. Qxf7+ Kb6 0-1

[Event "SR 3. liga A2 2018/2019"]
[Site "?"]
[Date "2019.03.24"]
[Round "11.5"]
[White "Longauer, Jan"]
[Black "Mosny, Jaroslav"]
[Result "1-0"]
[WhiteElo "1769"]
[BlackElo "1883"]
[PlyCount "49"]
[EventDate "2018.??.??"]

1. e4 e5 2. Nf3 d6 3. d4 exd4 4. Nxd4 Nf6 5. Nc3 Be7 6. Bf4 O-O 7. Qd2 c6 8.
O-O-O Qc7 9. f3 Na6 10. g4 Nc5 11. Nf5 Bxf5 12. gxf5 Rad8 13. h4 Qa5 14. h5 d5
15. Qg2 dxe4 16. Rxd8 Rxd8 17. h6 g6 18. fxg6 fxg6 19. Bc4+ Nd5 20. fxe4 Ne6
21. Be5 Bg5+ 22. Kb1 Qc5 23. Bb3 Nxc3+ 24. Bxc3 Re8 25. Qg4 1-0

[Event "SR 3. liga A2 2018/2019"]
[Site "?"]
[Date "2019.03.24"]
[Round "11.5"]
[White "Doucha, Ludvig"]
[Black "Dobis, Pavol"]
[Result "1/2-1/2"]
[WhiteElo "1838"]
[BlackElo "1568"]
[PlyCount "100"]
[EventDate "2018.??.??"]

1. Nf3 d6 2. d4 e6 3. e4 Nf6 4. Bg5 Be7 5. Nbd2 h6 6. Bh4 Nc6 7. c3 a6 8. a4
Bd7 9. Bd3 e5 10. d5 Nb8 11. Bxf6 Bxf6 12. h3 c6 13. Nc4 Be7 14. a5 O-O 15. Nb6
Ra7 16. O-O Be8 17. Nd2 Nd7 18. Ndc4 Nf6 19. Qe2 c5 20. f4 exf4 21. e5 Nd7 22.
exd6 Bg5 23. Rxf4 Bxf4 24. Qe4 Nf6 25. Qxf4 Bb5 26. Rf1 Nd7 27. Qe4 g6 28. Re1
Bxc4 29. Nxc4 Ra8 30. Qe7 Re8 31. Qxe8+ Qxe8 32. Rxe8+ Rxe8 33. Kf2 Kg7 34. g4
Ne5 35. Nxe5 Rxe5 36. Be4 Kf8 37. d7 Ke7 38. d6+ Kxd7 39. Bxb7 Kxd6 40. Bxa6
Re8 41. Bb7 Kc7 42. a6 Kb6 43. b4 cxb4 44. cxb4 g5 45. b5 f6 46. Bc6 Re5 47.
Kf3 Rc5 48. Ke4 Rc3 49. Kf5 Rxh3 50. Kxf6 Rg3 1/2-1/2

[Event "SR 3. liga A2 2018/2019"]
[Site "?"]
[Date "2019.03.24"]
[Round "11.5"]
[White "Skreko, Igor"]
[Black "Bahna, Jan"]
[Result "1-0"]
[WhiteElo "1547"]
[BlackElo "1826"]
[PlyCount "119"]
[EventDate "2018.??.??"]

1. c4 e5 2. Nc3 Nc6 3. g3 g6 4. Bg2 Bg7 5. d3 d6 6. Nf3 Nge7 7. Rb1 h6 8. Bd2
O-O 9. O-O Be6 10. a3 Qd7 11. b4 a6 12. Qc2 Bh3 13. e3 Bxg2 14. Kxg2 f5 15.
Rfc1 Rac8 16. a4 Rf7 17. b5 axb5 18. axb5 Nd8 19. Ra1 Ne6 20. Ra7 b6 21. Nd5 f4
22. Nxb6 Qd8 23. Nxc8 Qxc8 24. Qa2 Kh7 25. c5 d5 26. b6 e4 27. dxe4 dxe4 28.
Ng1 fxg3 29. hxg3 Nc6 30. b7 Qd7 31. Ra8 Rf8 32. Rxf8 Bxf8 33. Bb4 Nxb4 34.
Qxe6 Qxe6 35. b8=Q Nd3 36. Qxc7+ Kg8 37. Ra1 Qf6 38. Ra2 Bxc5 39. Ra8+ Bf8 40.
Qc4+ Qf7 41. Qxf7+ Kxf7 42. Ne2 Bd6 43. Nc3 Nc5 44. Rc8 Ke6 45. g4 Kf7 46. Rd8
Ke6 47. Rh8 Kf6 48. Re8 Kf7 49. Rc8 Ke6 50. Rh8 Kf6 51. Rxh6 Kg5 52. Rh8 Kxg4
53. Rd8 Be7 54. Re8 Bf6 55. Nxe4 Nxe4 56. Rxe4+ Kf5 57. Rf4+ Ke5 58. Rxf6 Kxf6
59. Kg3 Kf5 60. f3 1-0

[Event "SR 3. liga A2 2018/2019"]
[Site "?"]
[Date "2019.03.24"]
[Round "11.5"]
[White "Klanica, Anton"]
[Black "Skreko, Igor"]
[Result "1-0"]
[WhiteElo "1814"]
[BlackElo "1499"]
[PlyCount "95"]
[EventDate "2018.??.??"]

1. e4 c5 2. Nf3 d6 3. Bb5+ Bd7 4. Bxd7+ Qxd7 5. d3 e6 6. O-O Be7 7. b3 Nf6 8.
Bb2 Nc6 9. Nbd2 O-O 10. Re1 Rfe8 11. h3 Bf8 12. Bxf6 gxf6 13. Nh2 Bg7 14. Rb1
Kh8 15. Ndf3 Rg8 16. Kh1 Rad8 17. Qe2 Ne5 18. Nxe5 fxe5 19. Qe3 f5 20. Rg1 Bf6
21. Qe2 Rg6 22. g4 Rdg8 23. gxf5 Rxg1+ 24. Rxg1 Rxg1+ 25. Kxg1 exf5 26. exf5
Qxf5 27. Qf3 Qxf3 28. Nxf3 b5 29. c4 bxc4 30. bxc4 Kg7 31. Nd2 Kf7 32. Kg2 Ke6
33. Ne4 Be7 34. Nc3 a6 35. Kf3 h5 36. Ke4 Bd8 37. Nd5 Ba5 38. f4 exf4 39. Nxf4+
Ke7 40. Nxh5 Bc3 41. Nf4 Kd7 42. Kd5 Be5 43. Ng6 Bg7 44. h4 Bh6 45. h5 Bg7 46.
Nh4 Kc7 47. Nf5 Be5 48. h6 1-0

[Event "SR 3. liga A2 2018/2019"]
[Site "?"]
[Date "2019.03.24"]
[Round "11.5"]
[White "Libich, Oliver"]
[Black "Suchan, Jozef"]
[Result "1/2-1/2"]
[WhiteElo "1133"]
[BlackElo "1745"]
[PlyCount "97"]
[EventDate "2018.??.??"]

1. e4 e5 2. Nf3 Nc6 3. Nc3 Nf6 4. d3 h6 5. Be2 Bc5 6. Be3 Bb6 7. O-O O-O 8.
Bxb6 axb6 9. Qd2 d6 10. h3 Be6 11. a3 Qd7 12. Rad1 Nd4 13. Nh2 Nh7 14. f4 f5
15. fxe5 dxe5 16. Nf3 Qd6 17. Rf2 Rf6 18. Rdf1 Raf8 19. exf5 Bxf5 20. Nh4 Qd7
21. Nxf5 Nxe2+ 22. Qxe2 Rxf5 23. Rxf5 Rxf5 24. Rxf5 Qxf5 25. Qe4 Qg5 26. Qxb7
Qc1+ 27. Kh2 Qf4+ 28. g3 Qc1 29. Qd5+ Kf8 30. Qd8+ Kf7 31. Qxc7+ Kg8 32. Qxe5
Qxb2 33. Qe6+ Kf8 34. Qb3 Qc1 35. Ne4 Qe3 36. Qb4+ Kg8 37. Qd2 Qf3 38. h4 Nf8
39. Qf2 Qd1 40. Qd2 Qf3 41. Qg2 Qd1 42. Nc3 Qc1 43. Nb5 Qb2 44. Qd5+ Kh8 45.
Qb3 Qf6 46. Kg2 Ng6 47. Qc3 Qe6 48. Nd4 Qd5+ 49. Nf3 1/2-1/2

[Event "SR 3. liga A2 2018/2019"]
[Site "?"]
[Date "2019.03.24"]
[Round "11.6"]
[White "Takacs, Laszlo"]
[Black "Nemsak, Denis"]
[Result "1-0"]
[WhiteElo "2295"]
[BlackElo "2027"]
[PlyCount "80"]
[EventDate "2018.??.??"]

1. e4 d5 2. exd5 Nf6 3. d4 Nxd5 4. Nf3 g6 5. c4 Nb6 6. h3 Bg7 7. Nc3 O-O 8. Be3
Nc6 9. d5 Ne5 10. Nxe5 Bxe5 11. Bd4 Bxd4 12. Qxd4 e6 13. O-O-O exd5 14. cxd5 c6
15. dxc6 Qxd4 16. Rxd4 bxc6 17. Be2 Be6 18. Rhd1 Rfe8 19. Ba6 Bc8 20. Bc4 Be6
21. Ba6 Bc8 22. Be2 Be6 23. Bf3 Rac8 24. Ne4 Re7 25. a3 Kg7 26. Nc5 Bd5 27.
R4d3 Rd8 28. Bxd5 Rxd5 29. Rxd5 cxd5 30. Nd3 Re2 31. Rd2 Rxd2 32. Kxd2 Kf6 33.
Kc3 Ke6 34. Kb4 Kd6 35. Kb5 Nc4 36. f4 f6 37. Ka6 d4 38. Kxa7 Kd5 39. a4 Ke4
40. Nc5+ Kd5 {Spadol na cas} 1-0

[Event "SR 3. liga A2 2018/2019"]
[Site "?"]
[Date "2019.03.24"]
[Round "11.6"]
[White "Brunovsky, Peter"]
[Black "Cibulka, Vladimir"]
[Result "1/2-1/2"]
[WhiteElo "1891"]
[BlackElo "2131"]
[PlyCount "82"]
[EventDate "2018.??.??"]

1. d4 e6 2. Nf3 f5 3. Bf4 Nf6 4. e3 b6 5. Nbd2 Bb7 6. h3 d5 7. Ne5 Bd6 8. c3
O-O 9. Be2 Nbd7 10. Ndf3 Ne4 11. Nxd7 Qxd7 12. Ne5 Qe7 13. h4 c5 14. f3 Nf6 15.
Bd3 Bxe5 16. Bxe5 Nd7 17. Bg3 e5 18. O-O cxd4 19. exd4 f4 20. Bf2 e4 21. Qe2 e3
22. Kh1 Rae8 23. Be1 g5 24. g4 h6 25. h5 Nf6 26. Rg1 Rd8 27. a4 Bc6 28. Bb5 Bd7
29. Bxd7 Qxd7 30. Qd3 Qh7 31. Qxh7+ Kxh7 32. Rg2 Rc8 33. Kg1 Rfd8 34. Kf1 Kg7
35. Ke2 Kf7 36. Kd3 Ke6 37. Rc1 Rd7 38. Rgc2 Rdc7 39. b3 a5 40. c4 dxc4+ 41.
bxc4 Nd7 1/2-1/2

[Event "SR 3. liga A2 2018/2019"]
[Site "?"]
[Date "2019.03.24"]
[Round "11.6"]
[White "Blaho, Stefan"]
[Black "Kubis, Ivan"]
[Result "1/2-1/2"]
[WhiteElo "2060"]
[BlackElo "1863"]
[PlyCount "90"]
[EventDate "2018.??.??"]

1. d4 Nf6 2. Nf3 e6 3. Bf4 d5 4. e3 Bd6 5. Bg3 O-O 6. Bd3 b6 7. Nbd2 Bb7 8. Ne5
Nbd7 9. Qf3 c5 10. c3 Qc7 11. Nxd7 Qxd7 12. Be5 Be7 13. g4 cxd4 14. exd4 Qc6
15. Qh3 Ne4 16. Rg1 f6 17. Bf4 g6 18. f3 Nxd2 19. Kxd2 Bd6 20. Bxd6 Qxd6 21.
Qh6 Rf7 22. f4 e5 23. Bxg6 hxg6 24. Qxg6+ Rg7 25. dxe5 Rxg6 26. exd6 Rd8 27.
Rae1 Rxd6 28. Re7 Rg7 29. Rxg7+ Kxg7 30. Re1 Kf7 31. Kd3 Re6 32. Rxe6 Kxe6 33.
Kd4 Ba6 34. Ke3 Bf1 35. h4 Bg2 36. h5 Be4 37. b4 Bh7 38. Kd4 Bg8 39. a3 Bf7 40.
Ke3 Bg8 41. Kd4 Bf7 42. Ke3 f5 43. h6 Bg6 44. g5 Kd6 45. Kd4 Bh7 1/2-1/2

[Event "SR 3. liga A2 2018/2019"]
[Site "?"]
[Date "2019.03.24"]
[Round "11.6"]
[White "Takacs, Zsolt"]
[Black "Matis, Tibor"]
[Result "0-1"]
[WhiteElo "1800"]
[BlackElo "1851"]
[PlyCount "76"]
[EventDate "2018.??.??"]

1. e4 c5 2. Nf3 Nc6 3. d4 cxd4 4. Nxd4 e5 5. Nb5 d6 6. N1c3 a6 7. Na3 b5 8. Nd5
Nf6 9. Bg5 Be7 10. Nxe7 Qxe7 11. c3 O-O 12. Be2 Rd8 13. O-O Be6 14. Bxf6 Qxf6
15. Bg4 d5 16. Bxe6 Qxe6 17. exd5 Rxd5 18. Qe2 Rad8 19. b3 Rd2 20. Qe4 f5 21.
Qh4 Qd6 22. b4 Qd3 23. h3 Rd6 24. Qh5 g6 25. Qg5 Qxc3 26. Rac1 Qxb4 27. Nc2 Qf4
28. Qxf4 exf4 29. Rfe1 Kf7 30. a3 a5 31. g3 fxg3 32. fxg3 Nd4 33. Nxd4 R6xd4
34. Re5 R4d3 35. Rxb5 Rxg3+ 36. Kf1 Rxh3 37. Rc7+ Kf6 38. Ke1 Ra2 0-1

[Event "SR 3. liga A2 2018/2019"]
[Site "?"]
[Date "2019.03.24"]
[Round "11.6"]
[White "Rachela, Robert"]
[Black "Kanka, Tomas"]
[Result "0-1"]
[WhiteElo "1894"]
[BlackElo "1720"]
[PlyCount "71"]
[EventDate "2018.??.??"]

1. e4 c5 2. f4 e5 3. Nf3 exf4 4. Bc4 Be7 5. O-O Nh6 6. d3 g5 7. Nc3 Nc6 8. Nd5
Rg8 9. Ne1 d6 10. Qh5 Rg6 11. Qd1 Be6 12. c3 Qd7 13. Bd2 Bxd5 14. Bxd5 Bf6 15.
Qb3 Ng4 16. Rf3 Nge5 17. Rf1 Ke7 18. a4 Rag8 19. a5 a6 20. Ra4 Rh6 21. d4 cxd4
22. cxd4 Ng4 23. h3 Bxd4+ 24. Rxd4 Nxd4 25. Qc4 Nc6 26. hxg4 Ne5 27. Qb3 Rb8
28. Bc3 Qc7 29. Bxe5 Qc5+ 30. Rf2 dxe5 31. Nd3 Qxa5 32. Qa3+ Qxa3 33. bxa3 f6
34. Bc4 Kd6 35. Nb4 Rh4 36. Rb2 {Spadol na cas} 0-1

[Event "SR 3. liga A2 2018/2019"]
[Site "?"]
[Date "2019.03.24"]
[Round "11.6"]
[White "Mraz, Jan"]
[Black "Mezes, Kristof"]
[Result "1/2-1/2"]
[WhiteElo "1655"]
[BlackElo "1630"]
[PlyCount "64"]
[EventDate "2018.??.??"]

1. d4 e6 2. c4 c6 3. Nc3 d5 4. e3 f5 5. Bd2 Nf6 6. Rc1 Bd6 7. Nf3 O-O 8. c5 Bc7
9. g3 Ne4 10. Nxe4 fxe4 11. Ne5 Nd7 12. Nxd7 Bxd7 13. Bg2 e5 14. O-O exd4 15.
exd4 Qf6 16. Be3 Qg6 17. f3 exf3 18. Bxf3 Bf4 19. Bxf4 Rxf4 20. Bg2 Rxf1+ 21.
Qxf1 Rf8 22. Qe2 Re8 23. Qf3 Bg4 24. Qf4 Qf5 25. Qxf5 Bxf5 26. Kf2 Bg4 27. Re1
Rf8+ 28. Kg1 Kf7 29. b4 Be6 30. a4 Bd7 31. Re5 Re8 32. Rxe8 Kxe8 1/2-1/2

[Event "SR 3. liga A2 2018/2019"]
[Site "?"]
[Date "2019.03.24"]
[Round "11.6"]
[White "Kiss, Balazs"]
[Black "Papanek, Lubomir"]
[Result "0-1"]
[WhiteElo "1421"]
[BlackElo "1593"]
[PlyCount "98"]
[EventDate "2018.??.??"]

1. e4 c5 2. Nf3 Nc6 3. Nc3 d6 4. h3 Nf6 5. d4 cxd4 6. Nxd4 e5 7. Nxc6 bxc6 8.
Bd3 Be7 9. Be3 Be6 10. O-O d5 11. exd5 cxd5 12. Bb5+ Bd7 13. Bxd7+ Qxd7 14. Bg5
d4 15. Bxf6 gxf6 16. Ne4 f5 17. Ng3 f4 18. Qf3 Rc8 19. Ne4 Qc6 20. Rac1 Qg6 21.
Kh2 f5 22. Nd2 e4 23. Qb3 Qc6 24. c3 d3 25. Kh1 Kd7 26. a4 Rb8 27. Qa2 Rhg8 28.
Nc4 Qe6 29. a5 Bd6 30. Qa4+ Ke7 31. Qc6 Rgc8 32. Qxd6+ Qxd6 33. Nxd6 Kxd6 34.
b4 Rc4 35. f3 Ke5 36. g4 e3 37. Kg2 Rbc8 38. b5 Rxc3 39. Rxc3 Rxc3 40. Rb1 d2
41. b6 axb6 42. a6 Ra3 43. Kf1 fxg4 44. hxg4 Kd4 45. Ke2 Kc3 46. Rxb6 Ra1 47.
Rc6+ Kb4 48. Kd3 d1=Q+ 49. Ke4 e2 0-1

[Event "SR 3. liga A2 2018/2019"]
[Site "?"]
[Date "2019.03.24"]
[Round "11.6"]
[White "Ralbovsky, Milan"]
[Black "Turczi, Arpad Matyas"]
[Result "1-0"]
[WhiteElo "1330"]
[BlackElo "1280"]
[PlyCount "67"]
[EventDate "2018.??.??"]

1. Nf3 d5 2. g3 Nf6 3. Bg2 Nc6 4. e3 Bg4 5. d4 e6 6. O-O g6 7. Nbd2 Bg7 8. b3
O-O 9. Bb2 Ne4 10. c4 Re8 11. Qb1 Bf5 12. Nxe4 Bxe4 13. Qe1 Bd3 14. Qc3 Bxf1
15. Rxf1 Qd7 16. b4 a6 17. Bh3 dxc4 18. Qxc4 Qd5 19. Qxd5 exd5 20. a3 Na7 21.
Ne1 Nb5 22. Nd3 b6 23. Rc1 Ra7 24. Nf4 Rd8 25. Bg2 a5 26. Nxd5 axb4 27. Ne7+
Kf8 28. Nc6 Rda8 29. Nxa7 Rxa7 30. axb4 Ra4 31. Rc4 Nd6 32. Rxc7 Rxb4 33. Ba3
Rb1+ 34. Bf1 1-0

[Event "SR 4. liga A21 2018/2019"]
[Site "?"]
[Date "2018.10.14"]
[Round "1.1"]
[White "Zlamal, Marek"]
[Black "Nemeckay, Rastislav"]
[Result "1/2-1/2"]
[WhiteElo "1847"]
[BlackElo "1950"]
[PlyCount "39"]
[EventDate "2018.??.??"]
[WhiteTeam "Šachový klub Holíè B"]
[BlackTeam "ŠK Štefanov"]

1. e4 e5 2. Nf3 Nc6 3. Bb5 Nge7 4. Nc3 g6 5. d3 Bg7 6. Bg5 h6 7. Be3 O-O 8. O-O
d6 9. h3 f5 10. exf5 Nxf5 11. Ne2 Kh7 12. c4 Qf6 13. Nd2 Bd7 14. Ne4 Qf7 15.
N4g3 Nxg3 16. Nxg3 a6 17. Ba4 Nd8 18. f4 Qe8 19. Bxd7 Qxd7 20. Qd2 1/2-1/2

[Event "SR 4. liga A21 2018/2019"]
[Site "?"]
[Date "2018.10.14"]
[Round "1.1"]
[White "Klimes, Karel"]
[Black "Vach, Jozef"]
[Result "1-0"]
[WhiteElo "1668"]
[BlackElo "1711"]
[PlyCount "89"]
[EventDate "2018.??.??"]
[WhiteTeam "ŠK Štefanov"]
[BlackTeam "Šachový klub Holíè B"]

1. e4 e5 2. Nf3 Nc6 3. Bc4 Be7 4. c3 d6 5. d3 Nf6 6. Bg5 Bg4 7. Nbd2 O-O 8. O-O
Bh5 9. Qe1 Na5 10. Bb5 c6 11. Ba4 b5 12. Bc2 c5 13. d4 Qc7 14. Rc1 c4 15. Bh4
Rfe8 16. Bg3 Bf8 17. Qe3 Nd7 18. b3 f6 19. bxc4 Nxc4 20. Nxc4 bxc4 21. Ba4 Red8
22. d5 Nb6 23. Bc6 Rab8 24. Nd2 Be8 25. Bxe8 Rxe8 26. Rb1 Rec8 27. Rb4 Qc5 28.
Qxc5 Rxc5 29. Rfb1 Rbc8 30. f3 Ra5 31. R1b2 Ra3 32. Nb1 Ra6 33. Bf2 Na4 34. Rc2
Nb6 35. Bxb6 Rxb6 36. Rxb6 axb6 37. Rb2 Rb8 38. Nd2 b5 39. a4 b4 40. Rxb4 Rxb4
41. cxb4 c3 42. Nb3 Be7 43. Kf2 Bd8 44. a5 Bc7 45. Ke2 1-0

[Event "SR 4. liga A21 2018/2019"]
[Site "?"]
[Date "2018.10.14"]
[Round "1.1"]
[White "Stehlik, Jan"]
[Black "Wallner, Juraj"]
[Result "0-1"]
[WhiteElo "1604"]
[BlackElo "1551"]
[PlyCount "88"]
[EventDate "2018.??.??"]
[WhiteTeam "Šachový klub Holíè B"]
[BlackTeam "ŠK Štefanov"]

1. e4 c5 2. Nf3 e6 3. c3 d5 4. exd5 exd5 5. d4 Nf6 6. Bd3 Nc6 7. O-O cxd4 8.
cxd4 Be7 9. Nc3 Bg4 10. Be2 O-O 11. h3 Be6 12. Be3 Ne4 13. Bd3 f5 14. Qb3 Qd7
15. Rfd1 f4 16. Bd2 Ng5 17. Nxg5 Bxg5 18. Bb5 Rf6 19. Na4 Qc7 20. Rac1 Bf7 21.
Qf3 Qd6 22. Bxc6 bxc6 23. Nc5 Rh6 24. g4 Rf6 25. Re1 h5 26. Re5 hxg4 27. hxg4
Rg6 28. Bxf4 Bxf4 29. Qxf4 Be6 30. f3 Rf8 31. Qe3 Bxg4 32. fxg4 Rxg4+ 33. Kh1
Qf6 34. Rh5 Rh4+ 35. Rxh4 Qxh4+ 36. Kg2 Qg4+ 37. Qg3 Qe2+ 38. Kh1 Rf6 39. Re1
Qh5+ 40. Qh2 Qf3+ 41. Qg2 Qh5+ 42. Qh2 Qf5 43. Re6 Qf1+ 44. Qg1 Qh3+ 0-1

[Event "SR 4. liga A21 2018/2019"]
[Site "?"]
[Date "2018.10.14"]
[Round "1.1"]
[White "Tomasovic, Roman"]
[Black "Benak, Peter"]
[Result "1/2-1/2"]
[WhiteElo "1552"]
[BlackElo "1627"]
[PlyCount "74"]
[EventDate "2018.??.??"]
[WhiteTeam "ŠK Štefanov"]
[BlackTeam "Šachový klub Holíè B"]

1. e4 Nf6 2. Nc3 d5 3. exd5 Nxd5 4. Nxd5 Qxd5 5. d3 Bf5 6. Nf3 Nc6 7. Be3 e5 8.
Be2 O-O-O 9. O-O f6 10. a3 Be7 11. Nd2 Nd4 12. Bxd4 Qxd4 13. Qc1 e4 14. Nxe4
Bxe4 15. dxe4 Qxe4 16. Bf3 Qc4 17. Re1 Rhe8 18. Re4 Qf7 19. Qf1 Bc5 20. Rae1
Rxe4 21. Rxe4 c6 22. b4 Bb6 23. b5 Rd2 24. bxc6 Rxf2 25. cxb7+ Kb8 26. Qb1
Rxf3+ 27. Kh1 Rxa3 28. Qe1 Re3 29. Rxe3 Bxe3 30. Qxe3 Qxb7 31. Qe8+ Qc8 32.
Qb5+ Qb7 33. Qe8+ Kc7 34. Qf7+ Kb6 35. Qb3+ Kc7 36. Qf7+ Kb6 37. Qb3+ Kc7
1/2-1/2

[Event "SR 4. liga A21 2018/2019"]
[Site "?"]
[Date "2018.10.14"]
[Round "1.1"]
[White "Sefcik, Oliver"]
[Black "Fajtakova, Silvia"]
[Result "1-0"]
[WhiteElo "1110"]
[BlackElo "1360"]
[PlyCount "101"]
[EventDate "2018.??.??"]
[WhiteTeam "Šachový klub Holíè B"]
[BlackTeam "ŠK Štefanov"]

1. e4 e5 2. Nf3 Nc6 3. Bc4 Be7 4. d3 Nf6 5. Be3 O-O 6. O-O d6 7. h3 d5 8. exd5
Nxd5 9. Nbd2 Be6 10. Re1 Bf6 11. Bc5 Re8 12. Ne4 a6 13. a4 b6 14. Ba3 Nf4 15.
Bxe6 Rxe6 16. b3 Be7 17. Bc1 Ng6 18. Bg5 f6 19. Bd2 Bb4 20. Bxb4 Nxb4 21. Qd2
a5 22. Rad1 Rc6 23. Rc1 Nf4 24. d4 Ne6 25. c3 f5 26. cxb4 Rxc1 27. Rxc1 fxe4
28. Nxe5 Qxd4 29. Qxd4 Nxd4 30. Rxc7 axb4 31. Rb7 Nxb3 32. Rxb6 Nc5 33. Rxb4
Nxa4 34. Rxe4 h6 35. f4 Nc3 36. Rc4 Ne2+ 37. Kf2 Ra2 38. Kf3 Ng1+ 39. Kg3 Ne2+
40. Kg4 Ng1 41. g3 Rh2 42. h4 Rg2 43. Rc3 Ne2 44. Rd3 Nc1 45. Ra3 Re2 46. Kh5
Rc2 47. Kg6 Rc8 48. Ra7 Ne2 49. Rxg7+ Kf8 50. Kf6 Ra8 51. Ng6+ 1-0

[Event "SR 4. liga A21 2018/2019"]
[Site "?"]
[Date "2018.10.14"]
[Round "1.2"]
[White "Stolar, Michal"]
[Black "Ulehla, Jakub"]
[Result "1-0"]
[WhiteElo "1566"]
[BlackElo "1695"]
[PlyCount "120"]
[EventDate "2018.??.??"]
[WhiteTeam "ŠK Kúpele Pieš�any C"]
[BlackTeam "CVÈ Senica B"]

1. c4 c5 2. Nc3 Nc6 3. g3 g6 4. Bg2 Bg7 5. e3 e6 6. Nge2 Nf6 7. O-O O-O 8. a3
d5 9. cxd5 exd5 10. d4 c4 11. b4 a6 12. Nf4 Be6 13. Bh3 Qd7 14. Kg2 Nh5 15.
Bxe6 Nxf4+ 16. gxf4 fxe6 17. Qg4 Ne7 18. Rg1 Nf5 19. Kh1 Qe7 20. Bb2 b6 21. Ne2
a5 22. Bc3 Rfb8 23. b5 Rf8 24. Ng3 Rac8 25. Nxf5 exf5 26. Qf3 Rfd8 27. h3 Rd7
28. a4 Qe4 29. Qxe4 fxe4 30. Rg4 Bf8 31. Rc1 Bb4 32. Kh2 Kh8 33. Rc2 Re7 34.
Rg1 Rg7 35. h4 h6 36. Rcc1 Kh7 37. Kh3 g5 38. hxg5 hxg5 39. fxg5 Rf8 40. Rc2
Rf3+ 41. Kh4 Bxc3 42. Rxc3 Rxf2 43. Ra3 Rf3 44. Rh1 Kg6 45. Kg4 Rh7 46. Rxh7
Kxh7 47. Kh5 Kg7 48. Rc3 Rf1 49. Ra3 Rh1+ 50. Kg4 Kg6 51. Kf4 Rh8 52. Ra1 Re8
53. Rh1 Re6 54. Rh6+ Kf7 55. Rh7+ Ke8 56. Rc7 Kd8 57. Rh7 Re7 58. g6 c3 59. Kf5
c2 60. Rh1 Ke8 1-0

[Event "SR 4. liga A21 2018/2019"]
[Site "?"]
[Date "2018.10.14"]
[Round "1.2"]
[White "Diviak, Rudolf"]
[Black "Chrvala, Simon"]
[Result "0-1"]
[WhiteElo "1730"]
[BlackElo "1374"]
[PlyCount "104"]
[EventDate "2018.??.??"]
[WhiteTeam "CVÈ Senica B"]
[BlackTeam "ŠK Kúpele Pieš�any C"]

1. e4 e5 2. Nf3 d6 3. d4 exd4 4. Qxd4 Nc6 5. Bb5 Bd7 6. Bxc6 Bxc6 7. Nc3 Be7 8.
Nd5 Nf6 9. O-O h6 10. b3 Nxd5 11. exd5 Bf6 12. Qe4+ Qe7 13. Re1 Qxe4 14. Rxe4+
Kf8 15. dxc6 Bxa1 16. cxb7 Rb8 17. Rb4 f6 18. Be3 c5 19. Rb5 Bc3 20. a3 a5 21.
Nd2 Bxd2 22. Bxd2 g5 23. Bxa5 Rh7 24. Rb6 Rbxb7 25. Rxd6 Rhd7 26. Rd2 Rxd2 27.
Bxd2 Rd7 28. Be1 Rd1 29. Kf1 Rc1 30. Ke2 Rxc2+ 31. Kd3 Rc1 32. Bd2 Rd1 33. Kc2
Rg1 34. g3 Rg2 35. Be3 Rxh2 36. Bxc5+ Kf7 37. a4 h5 38. a5 h4 39. gxh4 gxh4 40.
a6 Rh1 41. Bd4 Re1 42. Kd2 Re8 43. Be3 h3 44. Bf4 Ra8 45. Ke2 Rxa6 46. Kf3 Ra3
47. Be3 Rxb3 48. Kg3 Kg6 49. Kxh3 Kf5 50. Kg2 Ke4 51. Bh6 f5 52. f3+ Rxf3 0-1

[Event "SR 4. liga A21 2018/2019"]
[Site "?"]
[Date "2018.10.14"]
[Round "1.2"]
[White "Lesay, Jozef"]
[Black "Hrdlicka, Martin"]
[Result "0-1"]
[WhiteElo "1000"]
[BlackElo "1545"]
[PlyCount "78"]
[EventDate "2018.??.??"]
[WhiteTeam "ŠK Kúpele Pieš�any C"]
[BlackTeam "CVÈ Senica B"]

1. e4 e5 2. Nf3 Nc6 3. Bb5 a6 4. Bxc6 dxc6 5. d3 Bd6 6. b3 Nf6 7. Bb2 Qe7 8.
O-O O-O 9. Nbd2 Bg4 10. Nc4 Rfe8 11. h3 Bxf3 12. Qxf3 b5 13. Ne3 Qe6 14. Qg3
Bf8 15. f4 Nh5 16. Qg4 Nxf4 17. Bxe5 Nxh3+ 18. Qxh3 Qxh3 19. gxh3 Rxe5 20. Rf5
Re6 21. a4 g6 22. Rf3 Bg7 23. Raf1 Rf8 24. Kg2 Re5 25. h4 bxa4 26. bxa4 Ra5 27.
Rb1 Rxa4 28. Rb7 Be5 29. Ng4 Bd6 30. Nf6+ Kg7 31. Nd7 Rd8 32. Nb8 Ra2 33. Rf2
Bc5 34. Re2 Rxd3 35. Rxc7 Bd6 36. cxd3 Rxe2+ 37. Kf3 Bxc7 38. Nxa6 Rd2 39. Ke3
Ba5 0-1

[Event "SR 4. liga A21 2018/2019"]
[Site "?"]
[Date "2018.10.14"]
[Round "1.3"]
[White "Sadlon, Juraj"]
[Black "Podjavorinsky, Michal"]
[Result "1/2-1/2"]
[WhiteElo "1909"]
[BlackElo "1905"]
[PlyCount "53"]
[EventDate "2018.??.??"]
[WhiteTeam "CV  Brezov  pod Bradlom"]
[BlackTeam "Z K Vrbov  A"]

1. e4 c5 2. Nf3 d6 3. c3 a6 4. g3 g6 5. Bg2 Bg7 6. O-O Nf6 7. d3 O-O 8. Nbd2
Nc6 9. Re1 e5 10. Nf1 Be6 11. Ng5 Qe7 12. Nxe6 Qxe6 13. Ne3 Qd7 14. Qf3 b5 15.
g4 h5 16. gxh5 Nxh5 17. Bh3 Qd8 18. Nd5 Ne7 19. Bg5 f6 20. Be6+ Kh7 21. Be3 Bh6
22. Bg4 Nxd5 23. Bxh6 Kxh6 24. Bxh5 Nf4 25. Bg4 Kg7 26. Qg3 Rh8 27. d4 1/2-1/2

[Event "SR 4. liga A21 2018/2019"]
[Site "?"]
[Date "2018.10.14"]
[Round "1.3"]
[White "Blatnicky, Miroslav"]
[Black "Skapikova, Lubica"]
[Result "1-0"]
[WhiteElo "2083"]
[BlackElo "1899"]
[PlyCount "73"]
[EventDate "2018.??.??"]
[WhiteTeam "Z K Vrbov  A"]
[BlackTeam "CV  Brezov  pod Bradlom"]

1. d4 f5 2. c4 g6 3. Nc3 Bg7 4. e4 fxe4 5. Nxe4 Nf6 6. Nxf6+ exf6 7. Bd3 O-O 8.
Ne2 d6 9. O-O Nc6 10. Bd2 d5 11. Qc2 Kh8 12. Rac1 dxc4 13. Qxc4 f5 14. Bc3 Re8
15. Bb1 Be6 16. Qd3 Bd5 17. Rfe1 Qg5 18. Qg3 Qxg3 19. hxg3 Be4 20. Bxe4 Rxe4
21. d5 Bxc3 22. Nxc3 Rxe1+ 23. Rxe1 Nb4 24. Re7 Rc8 25. a3 Nd3 26. b4 a6 27.
Ne2 Nb2 28. Nf4 Nc4 29. a4 a5 30. bxa5 Nxa5 31. Ne6 Nc4 32. Nxc7 Kg8 33. Ne6
Nb6 34. d6 Rc1+ 35. Kh2 Nc8 36. Rg7+ Kh8 37. d7 1-0